书目信息 |
| 题名: |
中日对照日本文化精解
|
|
| 作者: | 郑灐 著 ;宋协毅 译 | |
| 分册: | ||
| 出版信息: | 大连 大连理工大学出版社 2014 |
|
| 页数: | 192页 | |
| 开本: | 26cm | |
| 丛书名: | ||
| 单 册: | ||
| 中图分类: | G131.32 | |
| 科图分类: | ||
| 主题词: | 文化--wen hua--介绍--日本 | |
| 电子资源: | ||
| ISBN: | 978-7-5611-9568-0 | |
| 000 | 01090nam0 2200289 450 | |
| 001 | 012001012390 | |
| 005 | 20131115054307.0 | |
| 010 | @a978-7-5611-9568-0@dCNY35.00 | |
| 099 | @aCAL 012015021383 | |
| 100 | @a20141216d2014 em y0chiy50 ea | |
| 101 | 2 | @achi@ajpn@cjpn |
| 102 | @aCN@b210000 | |
| 105 | @aa z 000yy | |
| 106 | @ar | |
| 200 | 1 | @a中日对照日本文化精解@Azhong ri dui zhao ri ben wen hua jing jie@f著郑灐@g译宋协毅 ... [等] |
| 210 | @a大连@c大连理工大学出版社@d2014 | |
| 215 | @a192页@c图@d26cm | |
| 300 | @a高等教育科研与教学用书 | |
| 312 | @a英文并列题名取自版权页 | |
| 330 | @a本书通过15个章节,介绍了日本的文化与社会,涉及历史、文学、地理等多方面知识,可以大大增加学习者的知识面和对日本的认识程度。全书配有中文翻译,使读者在掌握日本文化相关知识的同时,又可以通过中文翻译体会作者的翻译技巧。 | |
| 510 | 1 | @aRead Japan culture by Japanese@zeng |
| 606 | 0 | @a文化@Awen hua@x介绍@y日本 |
| 690 | @aG131.32@v5 | |
| 701 | 0 | @a郑灐@Azheng ying@4著 |
| 702 | 0 | @a宋协毅@Asong xie yi@4译 |
| 801 | 2 | @aCN@b上海新华@c20191020 |
| 905 | @b1179075-7@dG131.32@e304@f3 | |
| 中日对照日本文化精解/著郑灐/译宋协毅 ... [等].-大连:大连理工大学出版社,2014 |
| 192页:图;26cm |
| 高等教育科研与教学用书 |
| ISBN 978-7-5611-9568-0:CNY35.00 |
| 本书通过15个章节,介绍了日本的文化与社会,涉及历史、文学、地理等多方面知识,可以大大增加学习者的知识面和对日本的认识程度。全书配有中文翻译,使读者在掌握日本文化相关知识的同时,又可以通过中文翻译体会作者的翻译技巧。 |
| ● |
| 相关链接 |
|
|
|
|
正题名:中日对照日本文化精解
索取号:G131.32/304
 
预约/预借
| 序号 | 登录号 | 条形码 | 馆藏地/架位号 | 状态 | 备注 |
| 1 | 1179075 | 211790757 | 第一样本阅览室/ [索取号:G131.32/304] | 在馆 | |
| 2 | 1179076 | 211790766 | 第四借阅区/ [索取号:G131.32/304] | 在馆 | |
| 3 | 1179077 | 211790775 | 第四借阅区/ [索取号:G131.32/304] | 在馆 |